| 000 | 00580ntaaa2200205 4500 | ||
|---|---|---|---|
| 003 | 01 | ||
| 005 | 20251027203035.0 | ||
| 008 | 0714s1973 ag 01 | ||
| 020 | _a0385029950 | ||
| 040 |
_aAR-BaBN _bspa _cAR-BaBN _eaacr _dRIC |
||
| 082 | _a227.8700 B85t | ||
| 100 |
_aBuchanan, George Wesley _931463 |
||
| 245 | _aTo the Hebrews | ||
| 250 | _a2 ed. | ||
| 260 |
_aNew York : _bDoubleday, _c1972, 1985 |
||
| 300 |
_a282 p. ; _c24 cm |
||
| 500 | _aContiene referencaias bibliográficas, biblicas e índice general | ||
| 650 |
_aBiblia-Nuevo Testamento-Hebreos _94445 |
||
| 942 | _cBK | ||
| 999 |
_c25754 _d25754 |
||